000
00294nam a22001337a 4500
008
170713b xxu||||| |||| 00| 0 eng d
020
_a
9781840460094
041
_a
eng
080
_a
82
100
_a
24
101
_a
GJL
245
_a
INTRODUCING ROMANTICISIM
_c
BOREHAM.J
942
_2
udc
_c
BK
999
_c
20541
_d
20541